000
00329nam a22001457a 4500
008
210308b ||||| |||| 00| 0 eng d
020
_a
9780073397429
041
_a
eng
080
_2
22nd
_a
159.9
082
_a
159.9
100
_a
48
101
_a
PSI
245
_a
Drigs, Society, and Behavior
_c
Wilson, H.T
942
_2
udc
_c
BK
999
_c
55959
_d
55959